Young children's literacy development and the role of televisual texts (Record no. 123647)
[ view plain ]
| 000 -LEADER | |
|---|---|
| fixed length control field | 01337nam a2200337 a 4500 |
| 082 04 - DEWEY DECIMAL CLASSIFICATION NUMBER | |
| Classification number | 372.4/0941 |
| 100 1# - MAIN ENTRY--AUTHOR NAME | |
| Personal name | Browne, Naima. |
| 245 10 - TITLE STATEMENT | |
| Title | Young children's literacy development and the role of televisual texts |
| 260 ## - PUBLICATION, DISTRIBUTION, ETC. (IMPRINT) | |
| Place of publication | London ; |
| -- | New York : |
| Name of publisher | Falmer Press, |
| Year of publication | 1999. |
| 300 ## - PHYSICAL DESCRIPTION | |
| Number of Pages | ix, 208 p. : |
| Other physical details | ill. |
| 650 #0 - SUBJECT ADDED ENTRY--TOPICAL TERM | |
| Topical Term | Reading |
| Topical Term | Television and children |
| Topical Term | Television in education |
| Topical Term | Literacy programs |
| 856 40 - ELECTRONIC LOCATION AND ACCESS | |
| Uniform Resource Identifier | http://site.ebrary.com/lib/rucke/Doc?id=2003949 |
No items available.
